000 00651nam a22001937a 4500
005 20180328143258.0
010 _aENG-122444
020 _a9789352804689
_c895.00
035 _aEN-105976
037 _bDBAD/PUB
082 _a305.8914073
100 _aMishra,Sangay K.
245 _aDESIS DIVIDED :
_cby Sangay K. Mishara
_bThe political lives of south asian americans /
260 _c2018
_aNew Delhi
_bSAGE Publications
270 _aB1/I-1Mohan Cooperative Industrial Area,Mathura Road,
_bNew Delhi
_e110044
_mwww.sagepub.in
300 _c22cm(Hb)
_a285p.
500 _ain Includes index
942 _cEN
_2ddc
_mMIS
_h305.8914073
999 _c150617
_d150617